[Event "GER-ch36 V10 email"]
[Site "GER email"]
[Date "2007.??.??"]
[Round "?"]
[White "Komanns, Theodor"]
[Black "Geissler, Walter"]
[Result "0-1"]
[WhiteElo "2067"]
[BlackElo "2139"]
[PlyCount "33"]
[EventDate "2004.03.29"]
[EventType "tourn (corr)"]
[EventRounds "10"]
[EventCountry "GER"]
[SourceTitle "Corr 2008"]
[Source "ChessBase"]
[SourceDate "2008.06.24"]
[SourceVersion "1"]
[SourceVersionDate "2008.06.24"]
[SourceQuality "1"]

1. e4 e5 2. Nf3 Nc6 3. Bb5 a6 4. Ba4 Nf6 5. 0-0 Be7 6. Re1 b5 7. Bb3 d6 8. c3 0-0 9. d3 Na5 10. Bc2 c5 11. Nbd2 Nc6 12. Nf1 Nd7 13. Ne3 Nb6 14. a4 Be6 15. d4 cxd4 16. cxd4 exd4 17. Nxd4 0-1